00653nam a2200241 a 4500001001300000003000900013005001700022008004100039020001000080082001500090100001600105245002000121260002600141300000900167500003500176505001300211650002500224700001600249902000800265942000700273952011600280999001500396nice12345678IN_TiNIC20260116012619.0050524s1945 laha grp 000 0 urd  ac10000a297.5bYUS aYusuf, Mohd aNuskha-I-Keemia aLahorebTaj Co.c1945 a260p aincludes index and biblioraphy2 aAppendix aIslam-Moral Theology1 aYusuf, Mohd bSRS cBK 001040708StackRoom-aHMIbHMId2007-07-04g100.00l0o297.5 YUSp011622r2007-07-04v100.00w2005-05-24yBK c7680d7680